LEADER 01307nam 2200409Ia 450 001 9910794633603321 005 20200520144314.0 035 $a(CKB)4200000000000571 035 $a(MiAaPQ)EBC3314533 035 $a(Au-PeEL)EBL3314533 035 $a(CaPaEBR)ebr5000712 035 $a(OCoLC)927360780 035 $a(EXLCZ)994200000000000571 100 $a20100924e20011790 uy 0 101 0 $aeng 135 $aurcn||||||||| 200 14$aThe critique of judgement$b[electronic resource] $e[with] preface to the first edition, 1790 /$fby Immanuel Kant ; translated by James Creed Meredith 205 $a1st ed. 210 $a[South Bend, IN] $cInfomotions, Inc. ;$a[Blacksburg, VA] $cVirginia Tech.$d2001 215 $a129 p 606 $aJudgment (Logic) 606 $aJudgment (Aesthetics) 606 $aTeleology 615 0$aJudgment (Logic) 615 0$aJudgment (Aesthetics) 615 0$aTeleology. 700 $aKant$b Immanuel$f1724-1804.$048116 701 $aMeredith$b James Creed$01559675 712 02$aInfomotions, Inc. 712 02$aVirginia Polytechnic Institute and State University. 801 0$bMiAaPQ 801 1$bMiAaPQ 801 2$bMiAaPQ 906 $aBOOK 912 $a9910794633603321 996 $aThe critique of judgement$93825027 997 $aUNINA LEADER 01063nam0 22002771i 450 001 UON00256653 005 20231205103655.105 010 $a31-501-7638-7 100 $a20040728d2003 |0itac50 ba 101 $ager 102 $aDE 105 $a||||0 ||||| 200 1 $aHeinrich Heine$fBernd Kortländer 210 $aStuttgart$cReclam jun.$dc2003 215 $a366 p.$cill.$d15 cm 606 $aHEINE HEINRICH$3UONC040563$2FI 620 $aDE$dWiesbaden$3UONL003153 676 $a831$cPoesia tedesca$v21 700 1$aKORTLÄNDER$bBernd$3UONV150466$0457132 712 $aReclam$3UONV260734$4650 801 $aIT$bSOL$c20240220$gRICA 912 $aUON00256653 950 $aSIBA - SISTEMA BIBLIOTECARIO DI ATENEO$dSI F. Goethe 830 HEI 2786 $eSI 44496 5 2786 950 $aSIBA - SISTEMA BIBLIOTECARIO DI ATENEO$dSI TED 1 U.B KOR $eSI DC 21 5 996 $aHeinrich Heine$91238419 997 $aUNIOR